000 00659nab a2200193 4500
001 244442
003 OSt
005 20260115132340.0
007 tu
008 260115s2020|||||||
040 _aDE-2950
_cDE-2950
245 0 0 _aSanierung in der Warteschleife
_bMagistrale. Im Januar 2025 stellte die Stadtverwaltung Entwürfe für eine Umgestaltung in der Karl-Marx-Straße vor. Was ist gut ein Jahr später daraus geworden?
_cThomas Gutke
264 _c2025
653 _aFrankfurt (Oder)
653 _aMagistrale
653 _aUmgestaltung
773 0 _g37. Jahrgang (2026) Nr. 9 vom 12.01.2026 , S. 11 mit Foto
_tMärkische Oderzeitung
942 _2z
_cA
999 _c374203
_d374203